Top 10 des plus grosses affluences de stade de foot dans le monde 2024 - Statistiques

Statistiques générales
  • Ce quiz a été pris 101 fois
  • Le résultat moyen est 6 sur 10
Statistiques - réponses
Affluences Club ou nom du stade % Correct
73 472 Real Madrid : Santiago Bernabéu
93%
61 736 Olympique de Marseille : Vélodrome
84%
81 365 Borussia Dortmund : Signal Iduna Park
72%
72 091 AC Milan : San Siro
70%
73 701 Manchester United : Old Trafford
69%
75 000 Bayern Munich : Allianz Arena
64%
73 525 Inter Milan : San Siro (Giuseppe-Meazza)
63%
62 778 As Roma : Stadio Olimpico
33%
84 025 River Plate : El Monumental
29%
62 385 West-Ham United : London Stadium
8%
Aucun quiz correspondant
Distribution des résultats
% des personnes avec chaque résultat
Percentile par nombre de réponses
Votre historique - résultats
Vous n’avez pas pris ce quiz